[Event "Caissa intern 2016-2017"]
[Site "?"]
[Date "2017.04.25"]
[Round "2.14"]
[White "Witt, Rob"]
[Black "De Jong, Ti"]
[Result "1-0"]
[WhiteElo "2175"]
[BlackElo "1592"]
[Annotator "Witt"]
[PlyCount "75"]
[EventDate "2017.??.??"]

1. d4 Nf6 2. c4 e5 {Jakkie, het Budapestergambiet. Als ik dat geweten had, zou
ik wat anders geopend hebben.} 3. dxe5 Ng4 4. Bf4 Nc6 5. Nf3 Bb4+ 6. Nbd2 Qe7
7. e3 Ngxe5 8. Nxe5 Nxe5 9. Be2 O-O 10. O-O Bxd2 ({Vorig seizoen had ik voor
het eerst sinds lange tijd de Budapester op het bord tegen Ton van Nieuwkerk.
Daar volgde} 10... Ng6 11. Bg3 Bd6 12. Bxd6 Qxd6 13. Qc2 Qe7 14. Bd3 d6 15.
Rae1 Bd7 16. f4 f5 17. g3 Rae8 18. Nf3 c5 19. e4 $16 {(37.½-½) Witt,R (2179)
-Van Nieuwkerk,T (2012) Caissa intern 2015-2016 2016}) 11. Qxd2 d6 12. Qc3 {
Na 6 minuten. Wit moet het in principe hebben van een keer c4-c5 en soms ook
van f3 en e4.} (12. b4 {wordt vaker gespeeld.}) 12... Ng6 {Na 10 minuten.
Kennelijk waren we allebei gelijktijdig 'out of book'. Op zich hoeft zwart het
paard nog niet weg te spelen. Alternatieven zijn b6 of Te8.} 13. Bg3 Bf5 14. b4
{Na 10 minuten. In de database zie ik 7 partijen met deze stelling die wit
allemaal wint.} c6 $146 {Misschien minder goed.} (14... b6) 15. Rfd1 ({In
aanmerking kwam ook} 15. c5 dxc5 16. bxc5 Rfe8 17. Rad1) 15... Rad8 {Ik wil
een keer b4-b5 spelen maar ik besloot eerst de torens te verdubbelen.} 16. Rd2
Rd7 17. Rad1 Rfd8 18. b5 d5 19. cxd5 cxd5 {Misschien had zwart beter een stel
torens kunnen ruilen.} 20. Bf3 ({Ik mis hier het sterke} 20. b6 $1 a6 (20...
axb6 21. Bb5 d4 22. exd4 Rd5 23. Bc4 $16) 21. a4 $16) 20... Qe6 {Maakt veld e7
vrij voor het paard. Beide spelers hebben ruim een half uur verbruikt. Wit
staat beter, maar de zwarte stelling is solide.} 21. Qd4 {Ik wilde b6
afdwingen zodat ik een toren naar c6 kan omspelen.} Be4 $2 22. Be2 $2 ({
Ik keek wel even naar de stelling na} 22. Bxe4 dxe4 23. Qxd7 Rxd7 24. Rxd7 h5 {
maar het drong niet tot mij door dat wit hier vrijwel gewonnen staat. Bijv.}
25. h4 Qg4 ({Of} 25... Qxa2 26. Rxb7 Kh7 27. Rdd7 $18) 26. R1d5 Nxh4 27. Bxh4
Qxh4 28. Rxb7 Qg4 29. Rdd7 $18) 22... b6 23. Rc1 Ne7 24. Qb2 {Na 8 minuten.} ({
Het was lastig kiezen tussen de tekstzet en het alternatief} 24. Qe5 {wat de
engine sterker vindt.}) 24... h6 ({Ik moest rekening houden met} 24... d4 {maar
} 25. f3 d3 26. Bf1 {leek me goed voor wit als de loper terugtrekt. Ik had
echter niet gekeken naar het stukoffer} Bxf3 27. gxf3 Qxe3+ 28. Kg2 Nf5 {
maar gelukkig heeft zwart onvoldoende compensatie na} 29. Re1 $16) 25. Be5 $2 {
Na 7 minuten.} ({Opnieuw vindt de engine} 25. Qe5 {beter.}) 25... Qg6 $6 ({
En de engine heeft gelijk, want zwart heeft hier wel} 25... d4 $1 {en ik sta
voor een lastige keuze. Het beste lijkt} 26. Bxd4 {bijv.} Nf5 27. Bg4 Qg6 28.
f3 Nxd4 29. exd4 f5 30. fxe4 Qxg4 31. exf5 Qxf5 {en ondanks een pluspion lijkt
de winst problematisch.}) 26. Bf1 ({Het alternatief} 26. f3 {was
waarschijnlijk beter.} Bf5 27. a4 {en zwart blijft passief staan.}) 26... Nf5
27. Kh1 Nh4 $2 {Te optimistisch. Het paard staat hier niet goed.} 28. f3 Bf5
29. Rc6 $6 {Ik was tevreden over deze zet, maar de engine is het niet met me
eens.} (29. Qd4 $1 Qg5 30. Bxg7 Nxf3 31. Bxh6 Qxh6 32. gxf3 {met groot
voordeel.}) 29... Be6 {Na 6 minuten.} 30. Rd4 {Na 6 minuten.} ({Ik was
tevreden over de tekstzet en heb niet meer serieus gekeken naar het simpelere
alternatief} 30. Bd3 Qg5 31. f4 Qg4 32. h3 Qg3 33. f5 Qe1+ 34. Kh2 Bxf5 35.
Bxg7 $18 {wat er ook prima uit ziet.}) 30... Qh5 $2 {Na 7 minuten.} ({Ik
verwachtte het betere} 30... Qg5 {waarop ik plande} 31. Rxe6 $1 fxe6 32. Rg4
Qxe3 33. Bxg7 {met groot voordeel.}) 31. Bf4 $2 {Na 8 minuten.} ({Ik heb wel
gekeken naar het veel sterkere} 31. Bxg7 $1 {maar ik weet niet meer waarom ik
er vanaf zag. Misschien vond ik het rommelig na} Nxf3 32. gxf3 Qxf3+ 33. Bg2
Qxe3 {maar wit staat hier gewonnen.}) 31... g5 $2 {Op zich een begrijpelijke
zet, maar het is een ernstige verzwakking van de koningsvleugel.} ({Beter was} 
31... Ng6 {waarop ik} 32. Bc7 {van plan was. Wit staat beter maar er is nog
niks beslist.}) 32. Be5 Nxf3 $2 {Ti verliest haar geduld.} ({Misschien had Ti
moeten beginnen met} 32... f6 {in de hoop op} 33. Bxf6 $2 (33. Rxe6 fxe5 34.
Rxe5 {met gezonde pluspion en de betere stelling.}) 33... Nxf3 {Nu is dit wel
goed omdat Lf6 ongedekt staat.}) 33. Be2 $1 {De weerlegging die Ti gemist had.}
({Na} 33. gxf3 Qxf3+ 34. Qg2 Qxe3 {heeft zwart 3 pionnen voor het paard, maar
wit staat hier ook goed.}) 33... g4 34. gxf3 {Mijn Le5 is onkwetsbaar.} gxf3
35. Bf1 Bf5 36. Qf2 Kh7 37. Rh4 Qg6 38. Rxg6 1-0

[Event "Messemaker-Caissa 4-6"]
[Site "?"]
[Date "2017.05.06"]
[Round "9"]
[White "Witt, Rob"]
[Black "Hennink, Erik"]
[Result "1/2-1/2"]
[WhiteElo "2154"]
[BlackElo "2066"]
[Annotator "Witt"]
[PlyCount "74"]
[EventDate "2017.??.??"]

{De laatste ronde KNSB was voor Caïssa niet echt van belang al zou winst en
een 3e plaats leuk zijn. Messemaker kon bij verlies nog degraderen als Max
Euwe Enschede zou winnen. Ik kende mijn tegenstander niet en had ook geen
partijen van hem gezien. Bij de wedstrijdleider zag ik dat zijn knsb-rating
2156 was, maar zijn Fide-rating blijkt aanzienlijk lager. Gelukkig wist ik dat
niet en van onderschatting was geen sprake. We speelden in een mooie speelzaal
met goede tafels en prachtige borden en stukken.} 1. d4 c5 2. d5 Nf6 3. c4 b5
4. cxb5 a6 5. bxa6 Bxa6 6. Nc3 g6 7. Nf3 d6 8. e4 Bxf1 9. Kxf1 Bg7 10. g3 Nbd7
11. Kg2 O-O 12. a4 {In mijn eerste drie witpartijen van 2016 kreeg ik deze
stelling op het bord. Met remises in de knsb en beker en een nul in de interne
was het resultaat niet om over naar huis te schrijven.} Ra6 {Een van de vele
zwarte opstellingen. Ik kon mij vaag een partij Wunnink-Ramirez herinneren,
maar wist niet meer hoe dat precies ging.} 13. Qc2 Qa8 14. Ra3 e6 15. dxe6 fxe6
16. Re1 Ng4 $6 {Na een kwartier deze twijfelachtige zet gebaseerd op een
misrekening, aldus mijn tegenstander.} (16... d5 17. exd5 exd5 18. Nb5 Qc6 19.
Ng5 (19. Bf4 $5) 19... Re8 20. Rxe8+ Nxe8 {en wit staat beter maar (41.0-1)
Wunnink,M (2251)-Ramirez,A (2599) Reykjavik ISL 2014}) (16... c4 17. Nb5 Rc8 {
is ook interessant (91.1-0) Curi,G (2156)-Coppola,C (2207) Montevideo 2014})
17. Nb5 Qc6 $2 {Na 7 minuten een grote fout die zowel in de partij als bij de
post-mortem onopgemerkt bleef.} (17... Qb7 {(39.1-0) Leitao,R (2623)-Leon
Hoyos,M (2579) Istanbul 2012}) ({Zijn oorspronkelijke bedoeling was} 17... Nde5
$2 18. Nc7 Nxf3 {maar} 19. Rxf3 $18 {Erik had mijn Ta3 even over het hoofd
gezien.}) 18. h3 {Na 4 minuten waarvan ik geen seconde heb besteed aan} (18.
Qc4 $1 {en wit staat gelijk op winst.} Kh8 {Misschien nog relatief het beste.}
(18... d5 19. exd5 {Met de dame op b7 heeft zwart nu Txf3.} exd5 20. Qxg4 $18)
(18... Re8 19. Nc7 $18) 19. Qxe6 Nge5 20. Bf4 $18) 18... Nge5 19. Nxe5 (19. Ng5
$5 {vonden we achteraf sterker.}) 19... Nxe5 20. f4 Nd7 {Wit nog een uur,
zwart drie kwartier.} 21. Kh2 ({Ik had ook een paar minuten gekeken naar} 21.
Rd3 d5 22. b3 {maar dat leek me onduidelijk na} c4 $5) 21... Nb6 {Die kwam
enigszins onverwacht en ik trok nu ruim 20 minuten uit voor mijn volgende zet.}
22. b3 {Waarschijnlijk de beste zet.} ({Mijn belangrijkste alternatief was} 22.
Rd3 Rxa4 23. Nxd6 Rd4 24. Rxd4 Bxd4 25. e5 Nd5 {en ik heb nog steeds mijn
pluspion, maar ik zag niet goed hoe ik hier vorderingen kon maken.}) ({Ik keek
ook nog naar} 22. Be3 Nxa4 23. Nxd6 Bxb2 {maar dit kon ik niet goed beoordelen
en inderdaad lijkt het niks na} 24. Rd3 Bd4 25. Bxd4 cxd4 26. Qxc6 Rxc6 27.
Rxd4 e5 $1) 22... c4 {Na een kwartier.} 23. Be3 Rc8 24. Rc1 d5 {Wit nog een
half uur, zwart 20 minuten.} 25. e5 ({Na afloop keken we even naar} 25. Qf2 $5
{dat ik tijdens de partij niet overwogen heb. Dat lijkt best aardig na bijv.}
dxe4 ({of} 25... Bf8 26. Ra2 Bc5 27. exd5 exd5 28. Bxc5 Qxc5 29. Qd2 $16) 26.
Bxb6 Qxb6 27. Qxb6 Rxb6 28. Rxc4 $14) 25... Bf8 26. Raa1 Qd7 27. Qb2 cxb3 28.
Rxc8 Qxc8 29. Bxb6 ({Ik verwierp} 29. Qxb3 {wegens} Qc4 30. Qxc4 Nxc4 {en ik
zag niet goed hoe het verder moest.}) 29... Rxb6 30. Rc1 Rc6 31. Rxc6 Qxc6 32.
Qxb3 Qc1 33. Qc3 Qd1 34. Nd4 Kf7 {Beiden nog 8 minuten.} 35. a5 Qf1 $1 36. Qc7+
{Ik had me hier neergelegd bij een remise.} ({Ik had nog wel gekeken naar} 36.
Qd2 Bb4 37. Qb2 Bc5 ({Vooral niet} 37... Bxa5 $2 38. Qb7+ {en wit wint.}) 38.
Qe2 {maar dat vond ik geen serieuze winstpoging na bijv.} Qa1 {al had ik het
nog kunnen proberen met} 39. Nf3 Ke7 40. a6 Qa4 41. Kg2) 36... Be7 37. Qc2 Bc5
{met remiseaanbod wat ik na een paar minuten aannam. We wonnen de wedstrijd
regelmatig met 6-4. En 's avonds bleek dat Messemaker zich gehandhaafd had.}
1/2-1/2

[Event "Hilversum Open"]
[Site "?"]
[Date "2017.06.23"]
[Round "1"]
[White "Witt, Rob"]
[Black "Van der Meiden, Dirk"]
[Result "1-0"]
[WhiteElo "2152"]
[BlackElo "1968"]
[Annotator "Witt"]
[PlyCount "31"]
[EventDate "2017.??.??"]

{Het toernooi begon vrijdagmiddag met een niemendalletje.} 1. d4 Nf6 2. c4 g6
3. Nc3 d5 4. Nf3 Bg7 5. Qb3 dxc4 6. Qxc4 O-O 7. e4 Na6 {De Prinsvariant. Die
heb ik nog nooit op het bord gehad en ik weet er ook weinig van.} 8. Be2 c5 9.
d5 e6 10. O-O {Tot nu toe had zwart alleen over zijn 3e zet enkele minuten
nagedacht, maar nu dacht hij ruim 10 minuten na over zijn volgende
onbegrijpelijke zet.} b6 $2 {Natuurlijk had zwart eerst op d5 moeten ruilen.}
11. dxe6 $16 fxe6 12. Bf4 ({Meer voor de hand liggend en misschien ook sterker
was} 12. Rd1 Qe7 13. e5 {maar ik wilde liever mijn dametoren naar d1 spelen.})
12... Nc7 $6 {Ook niet geweldig.} 13. Rad1 Bd7 14. Ne5 {En hier dacht mijn
tegenstander ruim een kwartier na. Hij heeft ook geen zinnige zet meer.} Nce8
15. Nxd7 Nxd7 16. Qxe6+ {En zwart vond het genoeg. Het is aan de ene kant
prettig om met een makkelijk punt te beginnen, maar aan de andere kant is het
heel vervelend. Je kunt niet urenlang door de speelzaal banjeren en tenslotte
besloot ik maar naar het centrum te lopen waar ik prompt verdwaalde. Gelukkig
kreeg ik 's avonds een inspirerender tegenstander.} 1-0

[Event "HSG Open 2017"]
[Site "Hilversum NED"]
[Date "2017.06.23"]
[Round "2"]
[White "Witt, Rob"]
[Black "Pruijssers, Roeland"]
[Result "1/2-1/2"]
[WhiteElo "2152"]
[BlackElo "2502"]
[Annotator "Witt"]
[PlyCount "83"]
[EventDate "2017.06.23"]

{In de 2e ronde trof ik de ratingfavoriet die eerder deze maand het sterke
Limburg Open gewonnen had. Ik overwoog tegen zijn Hollands het
Staunton-gambiet, maar Michael raadde mij aan om een hoofdvariant te spelen.} 
1. d4 f5 2. g3 Nf6 3. Bg2 g6 4. Nf3 Bg7 5. O-O O-O 6. c4 d6 7. Nc3 c6 8. Rb1 a5
9. Qb3 ({In het BSG Pinkstertoernooi 2013 speelde ik tegen Peter Holscher} 9.
b3 {maar ik herinnerde mij nog dat ik na afloop van die partij de tekstzet
sterker vond.}) 9... e6 {Het notatiebiljet bood te weinig ruimte om de tijd te
noteren, maar ik herinner me dat Roeland lang had nagedacht over deze
ongebruikelijke zet.} ({Vrijwel alle partijen gaan verder met} 9... Kh8) 10.
Rd1 Na6 {Deze stelling komt niet voor in de database.} ({Er is nog wel een
partij met} 10... Qe7 11. Bf4 Nh5 12. Bg5 Qf7 13. d5 h6 14. dxc6 bxc6 {(32.1-0)
Burcu,C (2199)-Batchinsky,S (2265) Skopje 2015}) 11. a3 {Een soort wachtzet.
Ik wilde iets met Pa4 doen, maar meteen Pa4 leek me riskant.} ({Bijv.} 11. Na4
b5 12. cxb5 cxb5 13. Qxb5 Rb8 {met aktief spel voor de pion.}) 11... Qe7 12.
Na4 Nd7 ({Nu kan ik} 12... b5 {beantwoorden met} 13. Nb6 Rb8 14. Nxc8 Rfxc8 15.
Bf4) 13. Nb6 {Dit was mijn bedoeling, maar de computer geeft de voorkeur aan} (
13. Bg5 Qf7 14. Be3 {en dat lijkt ook beter.}) 13... Nxb6 14. Qxb6 Nc7 ({
Ik had ook rekening gehouden met} 14... Nb4 {wat damewinst dreigt. Maar wit
heeft} 15. d5 {met voordeel.}) ({Beter lijkt} 14... e5 {Zwart offert de a-pion
maar krijgt compensatie.}) 15. Bg5 Qd7 16. Qb3 $6 {Het was nog niet nodig om
de dame terug te trekken.} (16. Bf4 $5) 16... h6 17. Bd2 Qe7 18. Bc3 a4 19. Qc2
e5 20. dxe5 dxe5 21. e3 g5 {Dit ziet er dreigend uit maar kan ook verzwakkend
worden.} 22. Qd2 e4 23. Bxg7 Qxg7 24. Nd4 c5 {Met het idee om de dametoren in
het spel te brengen. Maar de computer is niet enthousiast over dit plan.} 25.
Nb5 Ra6 26. Qc2 h5 27. Rd6 $5 {Moeilijk te zeggen of andere torenzetten beter
waren. Op een gegeven moment moet je een beslissing nemen en ik wilde tijdnood
vermijden.} Nxb5 28. Rxa6 Nxa3 29. bxa3 bxa6 30. Qxa4 $2 {Dat had geen haast
en geeft het voordeel weg.} ({Veel beter was} 30. Qd1 $1 {waarmee pion h5
aangevallen wordt en de dame lastig wordt op d6 of d5.}) 30... Qc7 31. Qd1 g4
32. Qd5+ {Misschien had ik hier anders moeten spelen. Ik had hier nog een
kwartier, zwart een paar minuten + increment van 10 seconden per zet.} Kg7 33.
Rd1 Rf7 34. Qd8 Qxd8 35. Rxd8 Be6 36. h4 {Ik dacht me dit nog te kunnen
permitteren, maar het is toch wel riskant.} ({Gewoon} 36. Bf1 {is remise na
bijv.} Rb7 37. Rd6 Kf7 38. Rxa6 Rb1 39. Kg2 $11) 36... Rb7 (36... Bxc4 37. Rc8)
37. Bf1 Rb6 (37... Rb1 38. Kg2 Rc1 39. Rd6 Bxc4 40. Bxc4 Rxc4 41. Rxa6 $11) 38.
Kg2 Kf6 39. Ra8 Ke7 40. a4 Bd7 41. a5 {Roeland had hier nog maar 40 seconden
en koos voor het veilige} Rd6 ({Interessant maar niet te berekenen was} 41...
Rb1 42. Rxa6 Ba4 {om de loper om te spelen naar f3. Maar op het moment dat dat
dreigt, speelt wit Kh2. Toch wel prettig dat mijn h-pion op h4 staat. Wit moet
nu kiezen tussen Ta7+ of Th6. Waarschijnlijk staat het in beide gevallen
gelijk.}) 42. Be2 {met remiseaanbod wat Roeland meteen aannam. Dit resultaat
zal een tegenvaller voor hem geweest zijn. De 3e ronde was echter veel erger.
In gewonnen stelling lette hij even niet op en verloor op tijd van Rosa Ratsma.
} 1/2-1/2

[Event "HSG Open 2017"]
[Site "Hilversum NED"]
[Date "2017.06.24"]
[Round "3"]
[White "Helm, Patrick"]
[Black "Witt, Rob"]
[Result "0-1"]
[WhiteElo "2111"]
[BlackElo "2152"]
[Annotator "Witt"]
[PlyCount "98"]
[EventDate "2017.06.23"]

{Mijn tegenstander in de 3e ronde had geen Fide-rating en ik vond geen
partijen van hem zodat er niets viel voor te bereiden.} 1. d4 e6 {Om een
eventuele Trompowski te vermijden.} 2. c4 Nf6 3. Nc3 Bb4 4. e3 O-O 5. Bd3 d5 6.
Nf3 {Het is al weer een paar jaar geleden dat ik de Nimzo met 4.e3 op het bord
heb gehad. Ik besloot de Karpov-variant te kiezen wat hij niet voorbereid zal
hebben.} c5 7. O-O cxd4 8. exd4 dxc4 9. Bxc4 b6 10. Qd3 ({Gebruikelijker is} 
10. Bg5 {waarna wit nog de keus heeft om zijn dame naar e2 of b3 te spelen.})
10... Bb7 11. Rd1 Nbd7 12. Bb3 Qb8 {Na een kwartier.} ({Mijn alternatief was} 
12... Rc8 13. Bf4 Qe7 14. Rac1 Rfd8) 13. Bg5 Bd6 14. h3 h6 15. Bd2 a6 16. Re1
b5 17. a3 Rd8 {Met een kleine dreiging die wit overziet.} 18. Rad1 $2 ({
Beter was iets als} 18. Qe2 {maar zwart heeft niets te klagen.}) 18... Nc5 $1
19. Qc2 (19. dxc5 Bh2+ {met winst.}) 19... Nxb3 20. Qxb3 Bxf3 21. gxf3 $17 {
Ik heb de afgelopen maanden diverse goede/gewonnen stellingen door
nonchalanche verloren. Daarom besloot ik hier om me een kwartiertje rustig in
de stelling te verdiepen.} Be7 (21... Bh2+ 22. Kg2 Rxd4 23. Ne2 Rd5 24. f4 Rxd2
25. Rxd2 Bxf4 {is onnodig ingewikkeld.}) (21... Bc7 22. Ne4 Nd5 {leek me ook
aantrekkelijk. Vooral na} 23. Nc5 $2 ({Beter is} 23. Kh1) 23... Qb6) 22. Be3
Nd5 23. Ne4 Nf4 24. Nc5 $2 {Ik voelde dat wit zat te azen op een paardoffer op
e6, maar had ook gezien dat het niet goed was.} Rd5 25. Bxf4 Qxf4 26. Nxe6 $2 {
Patrick had zijn laatste twee zetten a tempo gespeeld en de laatste zelfs met
een klap. Zo van, die heb je vast gemist.} fxe6 27. Rxe6 {Er hangen twee
stukken maar mijn loper hoeft niet gedekt te worden.} Rad8 {Het is uit.} 28.
Rde1 Qf7 {Een leuke zet om uit te voeren.} 29. R1e4 R5d6 ({Er was niks tegen} 
29... Rxd4) 30. Qe3 Rxe6 ({En} 30... Bf6 {was ook nauwkeuriger.}) 31. Rxe6 Bg5
({Opnieuw} 31... Bf6 {was nauwkeuriger. Ik neem de partij niet meer serieus.})
32. Qe4 Bf6 ({En hier zie ik af van het geplande} 32... Bc1) 33. Rxa6 Bxd4 34.
b4 Qd5 ({De engine geeft hier} 34... Re8 $1 35. Qxd4 Qxf3) 35. Kg2 $2 {Dit had
moeten verliezen.} Qg5+ 36. Qg4 Qd2 37. Qh4 Bf6 $2 ({Ik had me hier veel
moeite kunnen besparen met het door Michael Wunnink aangegeven} 37... Bxf2 $1
38. Qxf2 Qg5+ 39. Kh1 Rd1+ 40. Kh2 Rd2) ({En ook simpel} 37... Rd5 {won snel.})
38. Qe4 Rf8 39. Qe3 Qd7 40. Ra7 Qc6 41. Qe4 Qb6 $2 (41... Qxe4 42. fxe4 Bd4 43.
Ra5 Rxf2+ 44. Kg3 Ra2) 42. Rb7 Qa6 43. Qd5+ Kh8 44. Qxb5 Qxa3 {Dankzij mijn
geklungel is het helemaal niet zo makkelijk meer en van tijdnood is ook geen
sprake. We hebben allebei nog 20 minuten. Maar gelukkig speelt mijn
tegenstander (te) snel.} 45. Qd5 Qb2 46. Qe4 $2 (46. Qd6 $1) 46... Bd8 $2 (
46... Bd4 47. Qe1 Rf6 {was weer makkelijk gewonnen.}) 47. b5 Qf6 48. Rd7 Qg5+
49. Kf1 $4 Qxb5+ {En mijn tegenstander gaf meteen op. Misschien dacht hij dat
hij zijn toren verloor. Het is echt verschrikkelijk hoe slordig ik met
gewonnen stellingen om ga. Ik lijk iedere interesse in de partij te verliezen.}
0-1

[Event "HSG Open 2017"]
[Site "Hilversum NED"]
[Date "2017.06.24"]
[Round "4"]
[White "Van de Griendt, Jan Willem"]
[Black "Witt, Rob"]
[Result "1-0"]
[WhiteElo "2360"]
[BlackElo "2152"]
[Annotator "Witt"]
[PlyCount "57"]
[EventDate "2017.06.23"]

{Na een goede maaltijd bij de Italiaan met Michael Wunnink en Frans Arp moest
ik in de 4e ronde tegen de winnaar van vorig jaar. Ik merkte dat ik erg moe
was.} 1. d4 e6 {Michael had me verteld dat Jan Willem meestal de Trompowsky
speelt.} 2. e4 {Dit verraste mij. Achteraf niet zo verrassend want Jan Willem
vertelde mij na afloop dat hij zelf altijd Frans speelt en er veel van weet.}
d5 3. Nd2 c5 4. exd5 Qxd5 5. Ngf3 cxd4 6. Bc4 Qd6 7. O-O Nf6 8. Nb3 Nc6 9.
Nbxd4 Nxd4 10. Qxd4 {Opmerkelijk. Deze volgens de theorie onschuldige variant
kreeg ik afgelopen april voor het eerst op het bord in de knsb. Ik heb het
toen nog bekeken.} Qxd4 11. Nxd4 a6 {Dit speelde ik ook in die knsb-partij.
Een ? geven is wellicht wat overdreven, maar ik had toen gezien dat dit minder
goed is.} ({Veel beter is} 11... Bd7 $1 {zoals ik toen in mijn analyse aangaf.
Mijn geheugen is echt een zeef.}) 12. Be2 {Jan Willem vertelde me na afloop
dat hij deze stelling met name in vluggertjes heel vaak op het bord heeft
gehad. Volgens hem kan zwart allerlei opstellingen innemen, maar wit heeft het
veel gemakkelijker.} Bd6 13. Rd1 Bc7 14. Be3 O-O 15. c4 e5 16. Nb3 Bd7 {
Misschien al minder goed.} 17. Bf3 e4 $2 {Toen ik mijn e-pion vastpakte zag ik
al dat het een blunder was.} 18. Bxe4 $16 {De rest is niet interessant om te
analyseren.} Bg4 19. Bf3 Bxf3 20. gxf3 Rfe8 21. Rd2 h6 22. Rad1 Rac8 23. a3 Be5
24. Na5 Rb8 25. c5 Bc7 26. Nc4 Kf8 27. b4 Nh5 28. Rd7 Re7 29. c6 $1 {En ik
feliciteerde Jan Willem.} 1-0